000 00433nam a2200169Ia 4500
008 231217s9999 xx 000 0 und d
020 _a813140739x
041 _aEnglish
082 _a658.514 SRI;1 R
100 _aSrikant, A. Anand, C.
245 0 _aDisruptive technologies : concepts and applications
250 _a1st ed.
260 _c2007
_bIcfai
_aHyderabad
300 _av, 177
650 _aDisruptive
942 _cAA
999 _c190090
_d190090